000 00806nam a2200253Ia 4500
003 OSt
005 20220926020738.0
006 a|||||r|||| 00| 0
007 ta
008 220923b |||||||| |||| 00| 0 eng d
020 _a9780387735115
_c2199.4299999999998
037 _b12092, 18/03/2008, GOVINDA BOOK HOUSE
_cGeneral Book
040 _aRTL
_cRTL
_beng
041 _2eng
_aeng
082 _aB281, P8
100 _aSCHWARZ Wolfgang
_9325029
245 0 _a40 puzzles and problems in probability and mathematical statistics
260 _aNew York
_bSpringer
_c2008
300 _axii, 124p
_ccm.
500 _aBibliography P 121-22
650 _aEconomics
942 _hB281, P8
_cGB
_2CC
999 _c634914
_d634914